Top 20 najlepiej strzelających piłkarzy w fifie 22 [zwykłe karty] - Statystyki

Ogólne statystyki
  • Ten quiz został rozwiązany 80 razy
  • Średni wynik to 8 z 20
Statystyki odpowiedzi
Strzały ocena zawodnik % Poprawnych
92 SHOT 92 RobertLewandowski
96%
93 SHOT 91 CristianoRonaldo
94%
92 SHOT 93 LionelMessi
94%
88 SHOT 91 KylianMbappe
84%
86 SHOT 89 KarimBenzema
78%
91 SHOT 88 Erling Haaland
61%
91 SHOT 90 HarryKane
51%
87 SHOT 89 MohamedSalah
51%
86 SHOT 91 Kevin DeBruyne
41%
87 SHOT 88 Romelu Lukaku
41%
90 SHOT 88 Luis Suarez
33%
89 SHOT 87 SergioAguero
25%
87 SHOT 84 ZlatanIbrahimović
23%
87 SHOT 89 Heung MInSon
16%
86 SHOT 88 BrunoFernandes
12%
87 SHOT 87 CiroImmobile
12%
92 SHOT 91 JanOblak
1%
88 SHOT 90 ManuelNeuer
1%
89 SHOT 89 ThibautCourtois
1%
86 SHOT 89 Alisson
0%
Nie znaleziono quizów pasujących do podanych kryteriów
Rozkład punktacji
Procent ludzi z każdym wynikiem
Percentyl według liczby udzielonych odpowiedzi
Twoja historia wyników
Nie rozwiązałeś tego quizu